000 02163nam a2200553 i 4500
001 30344
003 KOSZ 005
005 20201006120751.0
008 170915s1993 pl ad f |100 0 pol
015 _aUWD 2017/31013
020 _a838594916X
035 _a991009216009705066
035 _a(PL-WaBN)b55670490-48omnis_nlop
035 _ab55670490
035 _a(OCoLC)1036490660
035 _a(PL)b0000005567049
035 _a(EXLNZ-48OMNIS_NETWORK)9910366886605606
040 _aWA N
_cWA N
_dKOSZ 005/EG
046 _k1993
080 _a504.5
080 _a502.3
080 _a(06)
245 0 0 _aMonitoring zanieczyszczeń powietrza atmosferycznego :
_bmateriały z seminariów naukowych Opole'92 oraz Opole'93 /
_c[redaktor naukowy Witold Wacławek] ; Państwowa Inspekcja Ochrony Środowiska, Wyższa Szkoła Pedagogiczna w Opolu.
260 _aWarszawa :
_b[Główny Inspektorat Ochrony Środowiska],
_c1993.
300 _a122, [3] strony :
_bilustracje, wykresy ;
_c24 cm.
336 _aTekst
_btxt
_2rdacontent
337 _aBez urządzenia pośredniczącego
_bn
_2rdamedia
338 _aWolumin
_bnc
_2rdacarrier
380 _aKsiążki
380 _aPublikacje naukowe
388 1 _a1901-2000
388 1 _a1989-2000
490 1 _aBiblioteka Monitoringu Środowiska
504 _aBibliografia przy referatach.
650 7 _aMonitoring środowiska
_2DBN
650 7 _aZanieczyszczenia chemiczne środowiska
_2DBN
650 7 _aZanieczyszczenie powietrza
_2DBN
655 7 _aMateriały konferencyjne
_2DBN
655 7 _aPraca zbiorowa
_2DBN
658 _aOchrona środowiska
700 1 _aWacławek, Witold
_d(1938-2020)
_eRedakcja
710 1 _aPaństwowa Inspekcja Ochrony Środowiska
710 1 _aWyższa Szkoła Pedagogiczna (Opole)
710 2 _aPaństwowa Inspekcja Ochrony Środowiska
830 0 _aBiblioteka Monitoringu Środowiska
856 _uhttp://koha.tu.koszalin.pl/cgi-bin/koha/opac-detail.pl?biblionumber=30344
_yKatalog online BPK
942 _2UKD
_cKS
999 _c30344
_d30344